000 00897nam a2200277 a 4500
001 000021656
005 20200930011412.0
008 100909s1982 mx r 000 0 spa d
020 _a9681311582
040 _aDO-SdBNP
_bspa
_cBNPHU
082 _a921.9183
_bS678s
100 1 _aSilverberg, Robert
_945056
240 1 0 _aSócrates
_lEspañol
245 1 0 _aSócrates /
_cRobert Silverberg ; traductor René Cárdenas Barrios.
260 _aMéxico :
_bDiana,
_c1982.
300 _a156 p. ;
_c19 cm.
500 _aIncluye notas al pie de las páginas
504 _aBibliografía: p. 155-156
534 _aTítulo original:
_tSócrates
600 1 0 _aSÓCRATES
_d470 a.C.-399a.C
_xBIBLIOGRAFÍA
_945057
650 4 _aFilosofía griega
_915215
650 4 _aFilosofía antigua
_91215
650 4 _aSofistas (filosofía)
_915185
700 1 _aCárdenas Barrios, René
_etr.
_912537
049 _aBNGR
999 _c21155
_d21155